[Event "Cairo-A"]
[Site "Cairo"]
[Date "1997.??.??"]
[Round "6"]
[White "Rahman, Yehya"]
[Black "Novikov, Igor A"]
[Result "0-1"]
[WhiteElo "2345"]
[BlackElo "2580"]

1.d4 d5 2.c4 e6 3.Nc3 c6 4.Nf3 Nf6 5.e3 Nbd7 6.Bd3 dxc4 7.Bxc4 b5 8.Bd3 Bb7
9.O-O b4 10.Ne4 Be7 11.a3 bxa3 12.bxa3 O-O 13.Rb1 Qc7 14.Nxf6+ Nxf6 15.e4 c5
16.e5 Nd7 17.dxc5 Nxc5 18.Qc2 g6 19.Re1 Rfd8 20.Bf1 Bxf3 21.gxf3 Rac8 22.Bh6 Rd5
23.Qc3 Nd7 24.Qxc7 Rxc7 25.a4 Bf8 26.Bf4 Bg7 27.Rb5 Rcc5 28.Rb7 a5 29.Bb5 Bxe5
30.Bh6 Rc7 31.Rxc7 Bxc7 32.Rc1 Nc5 33.Be3 Bd6 34.Bc6 Rh5 35.Rb1 Bxh2+ 36.Kg2 Nd3
37.Rb5 Bc7 38.Kf1 Nb4 39.Be4 Nd5 40.Bd4 Be5 41.Bxe5 Rxe5 42.Rxa5 Ne3+  0-1

[Event "Goodricke op"]
[Site "Calcutta"]
[Date "1997.??.??"]
[Round "1"]
[White "Prakash, G B."]
[Black "Sharma, Dinesh K"]
[Result "1-0"]
[WhiteElo "2410"]
[BlackElo "2255"]

1.d4 d5 2.c4 c6 3.Nf3 Nf6 4.e3 e6 5.Nc3 Nbd7 6.Qc2 Bd6 7.Be2 O-O 8.O-O Qe7
9.Rd1 Re8 10.a3 dxc4 11.Bxc4 h6 12.Ba2 Bb8 13.h3 e5 14.dxe5 Nxe5 15.Nd4 a5
16.f4 Ned7 17.Nf5 Qf8 18.e4 Nb6 19.e5 Qc5+ 20.Be3 Bxf5 21.Qf2 Qe7 22.Bc5 Qd7
23.exf6 Nd5 24.Bxd5 cxd5 25.Nxd5 Qe6 26.fxg7 Be4 27.Nc3 f5 28.Rd2 b6 29.Bd4 Ra7
30.Bxb6 Rxg7 31.g3 Kh7 32.Kh2 Reg8 33.Rg1 Ba8 34.Bd4 Rg6 35.Re2 Qd7 36.Bc5 R6g7
37.Bd4 Rg6 38.Bc5 R6g7 39.Rd2 Qc6 40.Nd5 Qe6 41.Re1 Qf7 42.Re7 Qg6 43.Bd4 Rxe7
44.Nxe7 Qd6 45.Bc5 Qc7 46.Nxg8 Kxg8 47.Qd4  1-0

[Event "Goodricke op"]
[Site "Calcutta"]
[Date "1997.??.??"]
[Round "6"]
[White "Ravi, Lanka"]
[Black "Deshmukh, Anup"]
[Result "1-0"]
[WhiteElo "2390"]
[BlackElo "2310"]

1.Nf3 d5 2.c4 e6 3.d4 c6 4.e3 Nf6 5.Nc3 Nbd7 6.Qc2 a6 7.b3 Bb4 8.Bd2 O-O
9.Bd3 Re8 10.O-O e5 11.dxe5 Nxe5 12.Nxe5 Rxe5 13.cxd5 cxd5 14.Ne2 Bd6 15.Ng3 Bd7
16.Bc3 Rc8 17.Qb2 Ng4 18.Bxe5 Bxe5 19.Qd2 Bc3 20.Qe2 Bxa1 21.Rxa1 Ne5 22.Bxh7+ Kh8
23.Bf5 g6 24.Bxd7 Qxd7 25.Rd1 Qc6 26.Qd2 Rc7 27.Ne2 Qc2 28.h3 Rc5 29.Nf4 Qf5
30.Qb4 b6 31.Qxb6 Rc2 32.Rxd5 Rc1+ 33.Kh2 Qb1 34.Qb8+ Kg7 35.Qxe5+  1-0

[Event "Goodricke op"]
[Site "Calcutta"]
[Date "1997.??.??"]
[Round "6"]
[White "Nenashev, Alexander"]
[Black "Zvjaginsev, Vadim"]
[Result "1/2-1/2"]
[WhiteElo "2585"]
[BlackElo "2610"]

1.d4 d5 2.c4 e6 3.Nc3 c6 4.e3 Nf6 5.Nf3 Nbd7 6.Bd3 dxc4 7.Bxc4 b5 8.Bd3 Bd6
9.O-O O-O 10.b3 Bb7 11.Bb2 a6 12.Ne4 Nxe4 13.Bxe4 f5  1/2-1/2

[Event "Goodricke op"]
[Site "Calcutta"]
[Date "1997.??.??"]
[Round "11"]
[White "Murugan, Krishnamoorthy"]
[Black "Suvrajit, Saha"]
[Result "1-0"]
[WhiteElo "2395"]
[BlackElo "2295"]

1.d4 d5 2.c4 c6 3.Nf3 Nf6 4.e3 e6 5.Nc3 Be7 6.Bd3 O-O 7.O-O Nbd7 8.Qc2 dxc4
9.Bxc4 b5 10.Bd3 Bb7 11.e4 b4 12.Na4 h6 13.Rd1 Rc8 14.e5 Nd5 15.Qe2 Re8 16.Qe4 Nf8
17.Nc5 Bxc5 18.dxc5 Qa5 19.Be3 Ba6 20.Bxa6 Qxa6 21.Nd2 Nd7 22.Bd4 Rb8 23.Qc2 Qe2
24.Qe4 Qh5 25.Nc4 f5 26.exf6 gxf6 27.Nd6 Re7 28.Rd3 f5 29.Rg3+ Kh7 30.Qc2 Rg8
31.Re1 Rg4 32.Be3 Reg7 33.Bd2 Qg6 34.Rxg4 Qxg4 35.g3 Rg6 36.Qc4 Qxc4 37.Nxc4 Nxc5
38.Ne5 Rg7 39.Rc1 Ne4 40.Be1 Rc7 41.Rxc6 Rxc6 42.Nxc6 Nc5 43.Nxb4 Nxb4 44.Bxb4 Nd7
45.Kf1 Kg6 46.Ke2 h5 47.h4 Kf6 48.f4 Kf7 49.Kd3 a6 50.Kd4 Ke8 51.Ba5 Ke7
52.Bc7 Nf6 53.Kc5 Kd7 54.Be5 Ne4+ 55.Kb6 Nxg3 56.Kxa6 Ne2 57.b4 Nc1 58.b5 Nd3
59.b6 Kc6 60.Ka7 Nc5 61.a3 Nb7 62.a4 Na5 63.Bc3 Nb7 64.a5 Nd6 65.Be5 Nc8+
66.Ka6  1-0

[Event "Cannes op 18th"]
[Site "Cannes"]
[Date "1997.??.??"]
[Round "3"]
[White "Benitah, Yohan"]
[Black "Lukasiewicz, Grzegorz"]
[Result "1/2-1/2"]
[WhiteElo "2285"]
[BlackElo "2390"]

1.d4 d5 2.c4 c6 3.Nc3 Nf6 4.e3 e6 5.Nf3 Nbd7 6.Qc2 Bd6 7.g4 Nxg4 8.Rg1 Nxh2
9.Nxh2 Bxh2 10.Rxg7 Bd6 11.Rxh7 Rxh7  1/2-1/2

[Event "Cannes op 18th"]
[Site "Cannes"]
[Date "1997.??.??"]
[Round "5"]
[White "Verdier, Patrice"]
[Black "Boudre, Jean Pierre"]
[Result "1-0"]
[WhiteElo "2320"]
[BlackElo "2400"]

1.d4 d5 2.c4 c6 3.Nc3 Nf6 4.Nf3 e6 5.e3 Nbd7 6.Qc2 Bd6 7.g4 Bb4 8.Bd2 Qe7
9.g5 Bxc3 10.Bxc3 Ne4 11.h4 f5 12.gxf6 Qxf6 13.Bg2 Rf8 14.O-O-O Qg6 15.Rhg1 Qh5
16.Bb4 Rf7 17.Rdf1 a5 18.Ba3 Rxf3 19.Bxf3 Qxf3 20.Rxg7 Ndf6 21.Qb3 b5 22.cxb5 Qe2
23.Rfg1 cxb5 24.Bc5 Ra6 25.Rc7 Bd7 26.Rb7 Rc6 27.Rxb5 Rxc5+ 28.Rxc5 Qd2+
29.Kb1 Qxf2 30.Qb8+ Kf7 31.Rcc1 Qxe3 32.Qh8 Qh6 33.Rc7 Nd6 34.Qd8 Qe3 35.Rxd7+ Nxd7
36.Qxd7+ Kf6 37.Qg7+ Kf5 38.Qxh7+  1-0

[Event "Cannes op 18th"]
[Site "Cannes"]
[Date "1997.??.??"]
[Round "7"]
[White "Renaze, Luc"]
[Black "Boudre, Jean Pierre"]
[Result "0-1"]
[WhiteElo "2320"]
[BlackElo "2400"]

1.d4 d5 2.c4 c6 3.Nf3 Nf6 4.Nc3 e6 5.e3 Nbd7 6.Bd3 dxc4 7.Bxc4 b5 8.Bd3 a6
9.O-O c5 10.Qe2 Bb7 11.Rd1 Qc7 12.e4 cxd4 13.Nxd4 Bc5 14.Be3 Qb6 15.Bc2 O-O
16.a3 Rfd8 17.b4 Bxd4 18.Bxd4 Qc6 19.f4 Nf8 20.Qe3 e5 21.Bxe5 Ng4 22.Qg3 Nxe5
23.fxe5 Qc4 24.Rac1 Rxd1+ 25.Bxd1 Qd4+ 26.Qf2 Qxe5 27.Bb3 Ne6 28.Rf1 Rf8
29.Bd5 Bc8 30.Ne2 h5 31.Nf4 Kh7 32.Nxe6 Bxe6 33.Bxe6 Qxe6 34.Qf5+ Qxf5 35.exf5 Rc8
36.Rf3 Kh6 37.h4 Rc2 38.Kh2 Ra2 39.Kg3 Kh7 40.Kf4 Rxg2 41.Ke5 Rg4 42.Rh3 Rc4
43.f6 g6 44.Kd6 Re4 45.Kd7 Re6  0-1

[Event "Cannes op 18th"]
[Site "Cannes"]
[Date "1997.??.??"]
[Round "9"]
[White "Bouaziz, Slim"]
[Black "Van der Werf, Mark"]
[Result "1-0"]
[WhiteElo "2385"]
[BlackElo "2420"]

1.d4 d5 2.Nf3 e6 3.c4 c6 4.e3 Nf6 5.Nc3 Nbd7 6.Bd3 dxc4 7.Bxc4 b5 8.Bd3 b4
9.Ne4 Bb7 10.O-O Be7 11.Nxf6+ Nxf6 12.e4 Nd7 13.Qe2 O-O 14.Rd1 c5 15.Bb5 Nf6
16.e5 Nd5 17.Bd3 cxd4 18.Qe4 g6 19.Bh6 Qb6 20.Bxf8 Bxf8 21.Qxd4 Qxd4 22.Nxd4 Nf4
23.Bf1 g5 24.Nb5 Bg7 25.Rd7 Bc6 26.Rxa7 Bxe5 27.Rxa8+ Bxa8 28.Rc1 Kg7 29.g3 Nd5
30.Rc2 Bb7 31.Bg2 Kf6 32.b3 Ke7 33.Rc4 Kd7 34.Bxd5 Bxd5 35.Rxb4 Kc6 36.Nd4+ Kc5
37.Nc2 f5 38.a4 Bc3 39.Rb8 Be5 40.Rb5+  1-0

[Event "Cappelle op"]
[Site "Cappelle la Grande"]
[Date "1997.??.??"]
[Round "2"]
[White "Foisor, Cristina Adela B"]
[Black "Komarov, Dimitri"]
[Result "1/2-1/2"]
[WhiteElo "2400"]
[BlackElo "2615"]

1.c4 c6 2.Nc3 d5 3.e3 Nf6 4.Nf3 e6 5.d4 Nbd7 6.Qc2 Bd6 7.Be2 O-O 8.O-O dxc4
9.Bxc4 b5 10.Be2 Re8 11.Rd1 Qc7 12.h3 Bb7 13.a3 e5 14.dxe5 Nxe5 15.Nd4 a6
16.Nf5 Bf8 17.e4 Ng6 18.Bg5 Qe5 19.Bf3 h6 20.Be3 c5 21.Rac1 Rad8 22.Ng3 Nf4
23.Rxd8 Rxd8 24.Rd1 Rxd1+ 25.Qxd1 b4 26.axb4 cxb4 27.Bd4 Qe6 28.Nce2 Ng6
29.Qc2 Ne5 30.Qc7 Nxf3+ 31.gxf3 Bc6 32.Nf4 Qd7 33.Qb6 Nh7 34.h4 Bd6 35.Nf5 Bxf4  1/2-1/2

[Event "Cardiff"]
[Site "Cardiff"]
[Date "1997.??.??"]
[Round "7"]
[White "Williams, Simon"]
[Black "Siebrecht, Sebastian"]
[Result "0-1"]
[WhiteElo "2255"]
[BlackElo "2380"]

1.c4 c6 2.Nc3 d5 3.d4 Nf6 4.Nf3 e6 5.e3 Be7 6.Bd3 dxc4 7.Bxc4 b5 8.Bd3 a6
9.e4 Nbd7 10.e5 Nd5 11.Ne4 c5 12.Bg5 O-O 13.Bb1 cxd4 14.O-O h6 15.Bxe7 Qxe7
16.Qd3 Rd8 17.h4 Nf4 18.Qc2 d3 19.Qc7 Rb8 20.Nc5 Nd5  0-1

[Event "Castellaneta op"]
[Site "Castellaneta"]
[Date "1997.??.??"]
[Round "?"]
[White "Ambrosio, Giuseppe"]
[Black "Di Carlo, Romeo"]
[Result "1/2-1/2"]
[WhiteElo "2095"]
[BlackElo "2125"]

1.d4 d5 2.c4 c6 3.e3 Nf6 4.Nf3 e6 5.Nc3 Nbd7 6.Qc2 Bd6 7.b3 O-O 8.Be2 Re8
9.O-O dxc4 10.bxc4 e5 11.Bb2 exd4 12.exd4 Nf8 13.Rad1 Ng6 14.g3 Bg4 15.Ne5 Bxe2
16.Nxe2  1/2-1/2

[Event "Celle Ligure op"]
[Site "Celle Ligure"]
[Date "1997.??.??"]
[Round "2"]
[White "Sbarra, Marco"]
[Black "Scotti, Umberto"]
[Result "1-0"]
[WhiteElo "2285"]
[BlackElo "2130"]

1.d4 d5 2.c4 c6 3.Nc3 Nf6 4.e3 e6 5.Nf3 Nbd7 6.Bd3 dxc4 7.Bxc4 b5 8.Bb3 Bb7
9.O-O a6 10.e4 c5 11.e5 cxd4 12.Qxd4 Bc5 13.Qf4 Nh5 14.Qg4 g6 15.Bh6 Qb6
16.Ne4 Be7 17.Be3 Qc6 18.Neg5 Bxg5 19.Bxg5 h6 20.Bd2 Ng7 21.Rac1 Qe4 22.Qxe4 Bxe4
23.Rc7 Nf5 24.Bc3 Nb6 25.Nd4 Nd5 26.Nxf5 gxf5 27.Bxd5 Bxd5 28.Bb4 Rg8 29.g3 Kd8
30.Rfc1 h5 31.Be7+ Ke8 32.Bf6 Rg4 33.Re7+ Kf8 34.Rcc7 Rc4 35.Rxf7+ Kg8 36.Rg7+ Kf8
37.Rxc4 bxc4 38.Rh7 Bf3 39.Kf1 a5 40.Ke1 Ra6 41.Kd2 Rb6 42.Kc3 Be2 43.Rc7 Rb5
44.Be7+ Kg8 45.Rc5 Rb7 46.Bd6 a4 47.Ra5 Bd1 48.Rc5 Be2 49.Rc8+ Kf7 50.Rc7+ Rxc7
51.Bxc7 Ke8 52.Kb4 Kd7 53.Bd6 Bd1 54.Kxc4 Kc6 55.b4 axb3 56.axb3 Be2+ 57.Kd4 Bf1
58.Ke3 Kd7 59.Kf4 Ke8 60.b4 Be2 61.f3 Kf7 62.h3 Kg6 63.g4 fxg4 64.fxg4 hxg4
65.hxg4 Bf1 66.Ke3 Kf7 67.Kd4 Ke8 68.g5  1-0

[Event "Celle Ligure op"]
[Site "Celle Ligure"]
[Date "1997.??.??"]
[Round "3"]
[White "Skembris, Spyridon"]
[Black "Tabernig, Bernhard"]
[Result "1-0"]
[WhiteElo "2450"]
[BlackElo "2275"]

1.d4 d5 2.c4 e6 3.Nf3 c6 4.e3 Nf6 5.Nc3 Nbd7 6.Qc2 Bd6 7.Bd3 O-O 8.Bd2 dxc4
9.Bxc4 Qe7 10.O-O e5 11.h3 Bb8 12.a3 h6 13.Ba2 e4 14.Nh4 Qd6 15.f4 exf3 16.Nxf3 c5
17.Rad1 a6 18.Ne4 Nxe4 19.Qxe4 Ba7 20.Bc3 Nf6 21.Qh4 Qe7 22.d5 Qxe3+ 23.Kh1 Bb8
24.Bxf6 gxf6 25.d6 Be6 26.Rfe1 Qxe1+ 27.Rxe1 Bxa2 28.Qxf6 Be6 29.Ng5  1-0

[Event "Celle Ligure op"]
[Site "Celle Ligure"]
[Date "1997.??.??"]
[Round "4"]
[White "Sbarra, Marco"]
[Black "Vismara, Daniele"]
[Result "1-0"]
[WhiteElo "2285"]
[BlackElo "2205"]

1.d4 d5 2.c4 e6 3.Nc3 c6 4.e3 Nf6 5.Nf3 Nbd7 6.Bd3 Bd6 7.e4 dxe4 8.Nxe4 Nxe4
9.Bxe4 h6 10.O-O O-O 11.Bc2 e5 12.Re1 exd4 13.Qxd4 Bc5 14.Qc3 a5 15.a3 Nf6
16.Be3 Bxe3 17.Rxe3 Re8 18.Rxe8+ Qxe8 19.Re1 Qf8 20.h3 c5 21.Re5 b6 22.Nh4 Qd6
23.Bf5 Bb7 24.Qe3 Rd8 25.Bg4 Nxg4 26.hxg4 Qd1+ 27.Kh2 Qxg4 28.g3 Bc6 29.b4 Qxc4
30.Nf5 Kf8 31.Ne7 Bb7 32.bxc5 Qf1 33.c6 Rd1 34.Ng6+ Kg8 35.Re8+ Kh7 36.Nf8+ Kg8
37.Ne6+ Kh7 38.Qe4+ g6 39.Rh8+  1-0

[Event "Celle Ligure op"]
[Site "Celle Ligure"]
[Date "1997.??.??"]
[Round "6"]
[White "Sbarra, Marco"]
[Black "Collareta, Giovanni"]
[Result "1/2-1/2"]
[WhiteElo "2285"]
[BlackElo "2230"]

1.d4 d5 2.c4 c6 3.Nc3 Nf6 4.e3 e6 5.Nf3 Nbd7 6.Bd3 dxc4 7.Bxc4 b5 8.Bb3 b4
9.Ne2 Bb7 10.O-O Be7 11.Nf4 O-O 12.Ng5 Qa5 13.e4 Qxg5  1/2-1/2

[Event "Ceriano Laghetto op"]
[Site "Ceriano Laghetto"]
[Date "1997.??.??"]
[Round "5"]
[White "Giretti, Kanev J"]
[Black "Barlocco, Carlo"]
[Result "1-0"]
[WhiteElo "2165"]
[BlackElo "2150"]

1.Nf3 d5 2.d4 Nf6 3.c4 c6 4.Nc3 e6 5.e3 Nbd7 6.Bd2 Be7 7.Qc2 O-O 8.Rd1 a6
9.cxd5 exd5 10.Bd3 Re8 11.O-O Nf8 12.Ne5 Ne6 13.f4 Bd6 14.Be1 Nf8 15.Bh4 Be7
16.h3 Ne4 17.Bxe7 Qxe7 18.Bxe4 dxe4 19.f5 Nd7 20.Nxe4 Nxe5 21.f6 Nf3+ 22.gxf3 Qe6
23.Qg2 g6 24.h4 Qd5 25.Rde1 h6 26.a3 Kh7 27.Qg3 Bf5 28.Ng5+ Kg8 29.Rf2 Rad8
30.Rh2 Qd6 31.Qxd6 Rxd6 32.Kf2 Rxf6 33.e4 hxg5 34.hxg5 Rd6 35.Reh1 Kf8 36.exf5 Red8
37.f6 Ke8 38.Re1+ Kd7 39.Re7+ Kc8 40.Rxf7 Rxd4 41.Rg7 Rf4 42.Rhh7 Rf5 43.Rc7+ Kb8
44.Rxb7+ Ka8 45.Ra7+ Kb8 46.Rhb7+ Kc8 47.Rg7 Kb8 48.Rab7+ Ka8 49.Rbd7 Rh8
50.f7  1-0

[Event "Cerrado"]
[Site "Cerrado"]
[Date "1997.??.??"]
[Round "6"]
[White "Del Rey, Diego"]
[Black "Lafarga Santorroman, David"]
[Result "1/2-1/2"]
[WhiteElo "2325"]
[BlackElo "2240"]

1.d4 d5 2.c4 c6 3.Nf3 Nf6 4.e3 e6 5.Nc3 Nbd7 6.Qc2 Bd6 7.g4 dxc4 8.Bxc4 b5
9.Be2 b4 10.Na4 Bb7 11.Bd2 a5 12.e4 Nxg4 13.Rg1 h5 14.h3 Nh6 15.Rxg7 Bf8
16.Rg5 Ng8 17.Nc5 Nxc5 18.dxc5 Be7 19.Rg1 Qc7 20.e5 O-O-O 21.a3 b3 22.Qxb3 Bxc5
23.Rc1 Bb6 24.Be3 Bxe3 25.Qxe3 Ne7 26.Qa7 Rd5 27.Ba6 Bxa6 28.Qxa6+ Kd7 29.Ke2 Rb8
30.Rc2 Ng6 31.Rd1 Nf4+ 32.Ke1 Ng2+ 33.Ke2 Nf4+ 34.Ke1 Ng2+  1/2-1/2

[Event "Cerrado"]
[Site "Cerrado"]
[Date "1997.??.??"]
[Round "8"]
[White "Pogorelov, Ruslan"]
[Black "Glavina, Pablo"]
[Result "1/2-1/2"]
[WhiteElo "2465"]
[BlackElo "2380"]

1.c4 c6 2.Nf3 d5 3.d4 Nf6 4.Nc3 e6 5.e3 Nbd7 6.Qc2 Bd6 7.Bd3 h6 8.O-O O-O
9.e4 dxe4 10.Nxe4 Nxe4 11.Bxe4 e5 12.Rd1 exd4 13.Nxd4 Nf6 14.Bf3 Qc7 15.h3 Bd7
16.b3 Rad8 17.Bb2 Bh2+ 18.Kh1 Be5 19.Re1 Rfe8 20.Rad1 Nh7 21.Bg4 Bxg4 22.hxg4 Nf6
23.f3 Nh7 24.Nf5 Rxd1 25.Qxd1 Nf6 26.Qa1 Bxb2 27.Rxe8+ Nxe8 28.Qxb2 Qf4 29.Qd4 Qxd4
30.Nxd4  1/2-1/2

[Event "Ceske Budejovice op"]
[Site "Ceske Budejovice"]
[Date "1997.??.??"]
[Round "3"]
[White "Tupy, Martin"]
[Black "Zvara, Petr"]
[Result "0-1"]
[WhiteElo "2235"]
[BlackElo "2360"]

1.Nf3 d5 2.c4 c6 3.d4 Nf6 4.Nc3 e6 5.e3 Nbd7 6.Bd3 dxc4 7.Bxc4 b5 8.Bd3 Bb7
9.a3 b4 10.Ne4 c5 11.Nxc5 Nxc5 12.dxc5 Bxc5 13.Bb5+ Ke7 14.O-O Qxd1 15.Rxd1 b3
16.Bd2 Be4 17.Nd4 Rab8 18.Nc6+ Bxc6 19.Bxc6 Rhc8 20.Bf3 Bd6 21.Bc3 Rxc3 22.bxc3 b2
23.Rab1 Bxa3 24.Rd3 e5 25.c4 Bd6 26.Bc6 e4 27.Rd2 Be5 28.Bb5 Rb6 29.f4 exf3
30.gxf3 a6 31.Ba4 Rb4 32.Bc2 Rxc4 33.Kf2 a5 34.Ke2 a4 35.f4 Bc3 36.Rd3 Ne4
37.Rd5 a3 38.Bb3 Rb4 39.Ba2 Bf6  0-1

[Event "USA-ch (Women)"]
[Site "Chandler"]
[Date "1997.??.??"]
[Round "3"]
[White "Zitserman, Tatyana"]
[Black "Khan, Anna"]
[Result "0-1"]
[WhiteElo "2125"]
[BlackElo "2260"]

1.c4 c6 2.d4 d5 3.e3 Nf6 4.Nf3 e6 5.Nc3 Nbd7 6.Qc2 b6 7.Bd2 Bb7 8.Rc1 Bd6
9.cxd5 exd5 10.Bd3 O-O 11.O-O Rc8 12.Qb1 Re8 13.e4 dxe4 14.Nxe4 Nxe4 15.Bxe4 Nf6
16.Bf5 Rc7 17.Rfe1 c5 18.Rxe8+ Qxe8 19.dxc5 Rxc5 20.Rxc5 Bxc5 21.Qd3 g6 22.Bh3 Bc6
23.Be3 Bxe3 24.fxe3 Bb5 25.Qd4 Qc6 26.Nd2 Qc1+ 27.Kf2 Qd1 28.Qxf6 Qxd2+ 29.Kf3 Qe2+
30.Ke4 Bd3+ 31.Kd5 Qxe3 32.Qd4 Qxd4+ 33.Kxd4 Bb1 34.a3 Kf8 35.b4 Ba2 36.g3 Ke7
37.Ke5 f6+ 38.Kd4 Kd6 39.Bg2 Bb3 40.Bf3 Be6 41.Be2 Bd5 42.Bd3 Bf7 43.Bb5 h6
44.Ba4 g5 45.Ke4 Bg6+ 46.Kd4 Bb1 47.Bd1 Ba2 48.Bc2 Bd5 49.Bd3 Ke6 50.Bh7 Bb7
51.Bd3 f5 52.Bc4+ Kf6 53.a4 f4 54.Bd3 fxg3 55.hxg3 h5 56.a5 Bg2 57.axb6 axb6
58.Ke3 Ke5 59.Kf2 Bd5 60.Ke3 h4 61.gxh4 gxh4 62.Bf1 Be6 63.Bg2 h3 64.Bf3 Bd5  0-1

[Event "Cherepovets"]
[Site "Cherepovets"]
[Date "1997.??.??"]
[Round "4"]
[White "Shipov, Sergei"]
[Black "Zakhvatov, Vladimir"]
[Result "1-0"]
[WhiteElo "2540"]
[BlackElo "2360"]

1.d4 d5 2.c4 e6 3.Nf3 Nf6 4.Nc3 c6 5.e3 Nbd7 6.Bd3 Bd6 7.O-O O-O 8.e4 dxc4
9.Bxc4 e5 10.Bg5 h6 11.Bh4 exd4 12.Qxd4 Bc5 13.Qd3 Nb6 14.Qxd8 Rxd8 15.Bb3 g5
16.Bg3 Be6 17.Rfd1 Bb4 18.Nd2 Rd7 19.Kf1 Rad8 20.Ke2 a5 21.f3 Nh5 22.Rac1 Nxg3+
23.hxg3 Bd6 24.Bxe6 fxe6 25.Nb3 Nc4 26.Rc2 Bxg3 27.Nc5 Rxd1 28.Nxd1 b5 29.Nxe6 Rd6
30.Nc5 a4 31.Nd3 Ne5 32.Nxe5 Bxe5 33.Ne3 h5 34.Nf5 Re6 35.b3 axb3 36.axb3 Kf7
37.Ke3 h4 38.Nd4 Rh6 39.Nxc6 Bf4+ 40.Kd4 h3 41.gxh3 Rxh3 42.Rc3 Ke6 43.e5 Kd7
44.Ke4 Rh8 45.Nd4 Rh4 46.e6+ Kd8 47.Nf5 Bd2+ 48.Nxh4 Bxc3 49.Nf5 b4 50.Kd5 Bd2
51.Ke5 Bc3+ 52.Kd6  1-0

[Event "Cherepovets"]
[Site "Cherepovets"]
[Date "1997.??.??"]
[Round "6"]
[White "Bratchenko, Alexander"]
[Black "Panikarovsky, A."]
[Result "1-0"]
[WhiteElo "2390"]
[BlackElo "2335"]

1.d4 d5 2.c4 e6 3.Nf3 Nf6 4.Nc3 c6 5.e3 Be7 6.Bd3 O-O 7.b3 Nbd7 8.O-O a5
9.a4 Qc7 10.Bb2 dxc4 11.bxc4 Re8 12.Qc2 h6 13.e4 e5 14.dxe5 Ng4 15.e6 fxe6
16.h3 Nge5 17.Nxe5 Nxe5 18.Be2 Ng6 19.Bh5  1-0

[Event "Cherepovets"]
[Site "Cherepovets"]
[Date "1997.??.??"]
[Round "7"]
[White "Shipov, Sergei"]
[Black "Zhuravlev, Vladimir"]
[Result "1-0"]
[WhiteElo "2540"]
[BlackElo "2350"]

1.d4 d5 2.c4 c6 3.Nc3 Nf6 4.Nf3 e6 5.e3 Nbd7 6.Qc2 Bd6 7.Bd3 O-O 8.O-O dxc4
9.Bxc4 b5 10.Bd3 Bb7 11.a3 Rc8 12.Rd1 c5 13.Nxb5 Bxf3 14.gxf3 Bb8 15.dxc5 Rxc5
16.Qe2 Rh5 17.f4 e5 18.fxe5 Bxe5 19.f4 Bb8 20.e4 Qb6+ 21.Be3 Qb7 22.Nc3 Rh4
23.Rf1 Re8 24.Rad1 g5 25.Ba6 Qc7 26.Nd5 Nxd5 27.Rxd5 gxf4 28.Rg5+ Kf8 29.Rc1  1-0

[Event "Chicago op"]
[Site "Chicago"]
[Date "1997.??.??"]
[Round "1"]
[White "Gurevich, Dmitry"]
[Black "Ciaffone, Robert"]
[Result "1-0"]
[WhiteElo "2580"]
[BlackElo "2230"]

1.c4 e6 2.Nc3 d5 3.d4 c6 4.e3 Nf6 5.Nf3 Nbd7 6.Bd2 a6 7.Qc2 Bd6 8.g4 dxc4
9.Bxc4 b5 10.Bd3 c5 11.g5 Bb7 12.gxf6 Bxf3 13.fxg7 Rg8 14.Ne4 Be7 15.Rg1 Rc8
16.Rc1 f5 17.Ng3 Rxg7 18.Be2 Be4 19.Qc3 Nf6 20.f3 Bb7 21.Qb3 Bd5 22.Qc2 Rc6
23.dxc5 Rxc5 24.Qb1 Qb6 25.Rf1 Bd6 26.Rxc5 Qxc5 27.b4 Qc6 28.Qb2 Rxg3 29.hxg3 Bxg3+
30.Kd1 Kf7 31.Qc2 h5 32.Qxc6 Bxc6 33.Be1 f4 34.exf4 Bxf4 35.Rh1 Ng4 36.Rxh5 Ne3+
37.Kc1 Kg6 38.Rc5 Nc4+ 39.Kc2 Bd5 40.Bxc4 bxc4 41.Ra5 Bxf3 42.Rxa6 Kf5 43.a4 Ke5
44.Kc3 Bd5 45.b5  1-0

[Event "Chicago op"]
[Site "Chicago"]
[Date "1997.??.??"]
[Round "3"]
[White "Kaliksteyn, Alexander"]
[Black "Ciaffone, Robert"]
[Result "1-0"]
[WhiteElo "2395"]
[BlackElo "2230"]

1.c4 e6 2.Nc3 d5 3.d4 c6 4.e3 Nf6 5.Nf3 Nbd7 6.Qc2 Bd6 7.Be2 dxc4 8.Bxc4 O-O
9.O-O Qe7 10.h3 e5 11.Bb3 Bc7 12.Bd2 h6 13.Nh4 Re8 14.Nf5 Qf8 15.d5 Nc5 16.dxc6 bxc6
17.Nxh6+ gxh6 18.Qg6+ Qg7 19.Bxf7+ Kf8 20.Bxe8 Nxe8 21.Qh5 Nf6 22.Qh4 e4
23.b4 Nd3 24.Nxe4 Nxe4 25.Qxe4 Qe5 26.Qxe5 Bxe5 27.Rad1 Be6 28.e4 Nf4 29.Bxf4 Bxf4
30.a3 Ke7 31.g3 Rg8 32.Kg2 Be5 33.Rd2 h5 34.f4 Bc7 35.Rc2 h4 36.g4 Rd8 37.Rf3 Bb6
38.Rfc3 Rd1 39.Rxc6 Rg1+ 40.Kh2 Rg3 41.f5 Bd7 42.Rh6 Ba4 43.Rxh4 Rxa3 44.Re2 Bb5
45.Rh7+ Kf6 46.e5+ Kg5 47.Rg2 Bd4 48.Rh5+ Kf4 49.f6 Bxe5 50.Rf2+ Ke3+ 51.Rxe5+ Kxf2
52.Rxb5  1-0

[Event "Chicago op"]
[Site "Chicago"]
[Date "1997.??.??"]
[Round "5"]
[White "Gurevich, Dmitry"]
[Black "Sevillano, Enrico"]
[Result "1/2-1/2"]
[WhiteElo "2580"]
[BlackElo "2490"]

1.d4 d5 2.c4 c6 3.Nf3 Nf6 4.Nc3 e6 5.e3 Nbd7 6.Qc2 Bd6 7.Be2 O-O 8.b3 a6
9.O-O dxc4 10.bxc4 c5 11.a4 Qc7 12.h3 b6 13.d5 Bb7 14.dxe6 fxe6 15.Ng5 Rae8
16.Bg4 Bh2+ 17.Kh1 Be5 18.Bb2 Qc6 19.f4 Bxc3 20.Bxc3 h6 21.Bf3 Qc7 22.Ne4 e5
23.Nxf6+ Rxf6 24.fxe5 Nxe5 25.Bxb7 Rxf1+ 26.Rxf1 Qxb7 27.Rf4 Qd7 28.Kg1 Qe6
29.Kh1 Re7 30.Qe2 Nd7 31.Rg4 Qxe3 32.Qc2 Nf8 33.Qb2 Ne6 34.Be5 Nd4 35.Bxd4 cxd4
36.Qxd4 Qxd4 37.Rxd4 Re1+ 38.Kh2 Ra1 39.Rd6 Rxa4 40.Rxb6 Rxc4 41.Rxa6  1/2-1/2

[Event "Ciego de Avila"]
[Site "Ciego de Avila"]
[Date "1997.??.??"]
[Round "2"]
[White "Lebredo, Gerardo"]
[Black "Santa, Luis A"]
[Result "1/2-1/2"]
[WhiteElo "2320"]
[BlackElo "2220"]

1.d4 d5 2.c4 c6 3.Nc3 Nf6 4.e3 e6 5.Nf3 Nbd7 6.Qc2 Bd6 7.Bd3 O-O 8.O-O dxc4
9.Bxc4 e5 10.a3 exd4 11.Nxd4 Ne5 12.Be2 Re8 13.h3 c5 14.Nf5 Bf8 15.Rd1 Qb6
16.Na4  1/2-1/2

[Event "Ciego de Avila"]
[Site "Ciego de Avila"]
[Date "1997.??.??"]
[Round "12"]
[White "Lebredo, Gerardo"]
[Black "Araque, Rafael"]
[Result "1/2-1/2"]
[WhiteElo "2320"]
[BlackElo "2265"]

1.d4 d5 2.c4 c6 3.Nc3 Nf6 4.e3 e6 5.Nf3 Nbd7 6.Qc2 Bd6 7.b3 O-O 8.Be2 Re8
9.O-O b6 10.e4 Nxe4 11.Nxe4 dxe4 12.Qxe4 Bb7 13.Bb2 f5 14.Qc2 c5 15.Rfe1 cxd4
16.Nxd4 Ne5 17.Qc3 Qg5 18.Nf3 Nxf3+ 19.Bxf3 Bb4 20.Qe3 Qxe3  1/2-1/2

[Event "Capablanca 32th Premier-A"]
[Site "Cienfuegos"]
[Date "1997.??.??"]
[Round "3"]
[White "Blanco Fernandez, Alvaro"]
[Black "Luther, Thomas"]
[Result "1/2-1/2"]
[WhiteElo "2365"]
[BlackElo "2520"]

1.c4 e6 2.Nf3 d5 3.d4 Nf6 4.Nc3 c6 5.e3 Nbd7 6.Qc2 Bd6 7.b3 O-O 8.Bd3 b6
9.O-O Bb7 10.e4 dxe4 11.Nxe4 Nxe4 12.Bxe4 f5 13.Bd3 c5 14.Qe2 Re8 15.dxc5 Nxc5
16.Bc2 Qf6 17.Rb1 e5 18.Bb2 Qh6 19.h3 e4 20.Nd4 Qg6 21.Rfd1 Rad8 22.Nb5 Bb8
23.Rxd8 Rxd8 24.Rd1 Nd3 25.Qf1 Re8 26.Bc3 a6 27.Bxd3 exd3 28.Rxd3 axb5 29.Rd7 b4
30.Rxg7+ Qxg7 31.Bxg7 Kxg7 32.Qc1 Kg6 33.Qd2 Re6 34.Qxb4 Bd6 35.Qd2 Bc6 36.h4 Kf7
37.h5 Ke8 38.Kf1 Kd7 39.b4 Kc7 40.a3 Bb7 41.Qd3 Ba6 42.g3  1/2-1/2

[Event "Capablanca mem mixed"]
[Site "Cienfuegos"]
[Date "1997.??.??"]
[Round "11"]
[White "Ross, David"]
[Black "Delgado Crespo, Mairelys"]
[Result "1-0"]
[WhiteElo "2340"]
[BlackElo "2210"]

1.Nf3 d5 2.d4 Nf6 3.c4 c6 4.Nc3 e6 5.e3 Nbd7 6.Ne5 dxc4 7.f4 c5 8.Bxc4 Be7
9.O-O O-O 10.Kh1 cxd4 11.exd4 Nb6 12.Bb3 Nbd5 13.Qf3 Bd7 14.f5 Bc6 15.fxe6 fxe6
16.Qe2 Qd6 17.Bg5 Rae8 18.Rae1 Bd8 19.Nb5 Bxb5 20.Qxb5 Ng4 21.Bxd8 Nxe5 22.dxe5 Qxd8
23.Qxb7 Re7 24.Qc6 Qd7 25.Rxf8+ Kxf8 26.Qc5 Qc7 27.Rf1+ Kg8 28.Qf2 Re8 29.h3 Qe7
30.Bxd5 exd5 31.Re1 h6 32.Qd4 Rd8 33.b4 Rd7 34.Rc1 Rd8 35.a4 Kh8 36.b5 Re8
37.Re1 Rd8 38.Re3 Qb7 39.e6 Qe7 40.a5 Rd6 41.b6 axb6 42.axb6 Rd8 43.Re5 Qb7
44.Rf5 Rc8 45.Rf7 Rc1+ 46.Kh2 Qb8+ 47.Qf4 Rc8 48.b7 Qxf4+ 49.Rxf4 Rb8 50.e7  1-0

[Event "Cologne blind sim"]
[Site "Cologne"]
[Date "1997.??.??"]
[Round "?"]
[White "Huebner, Robert"]
[Black "Prescha, Frank"]
[Result "1-0"]
[WhiteElo "2580"]
[BlackElo "2195"]

1.d4 d5 2.Nf3 c6 3.c4 Nf6 4.Nc3 e6 5.e3 Nbd7 6.Qc2 Bd6 7.Bd3 O-O 8.O-O e5
9.cxd5 cxd5 10.e4 exd4 11.Nxd5 Nxd5 12.exd5 h6 13.Nxd4 Qh4 14.Nf3 Qh5 15.Bh7+ Kh8
16.Qf5 Qxf5 17.Bxf5 Nf6 18.Bxc8 Rfxc8 19.Be3 Nxd5 20.Rfd1 Nxe3 21.Rxd6 Nc4
22.Rd7 Nxb2 23.Rxb7 Nd3 24.Rxf7 Nc1 25.h4 a5 26.a4 Rab8 27.Rf5 Rb7 28.h5 Kh7
29.Nh4 Rb4 30.Ng6 Rg4 31.f3 Rd4 32.Kh2 Rdc4 33.Ra3 R8c5 34.Rxc5 Rxc5 35.g4 Rc2+
36.Kh3 Kg8 37.Re3 Ra2 38.Re5 Kf7 39.Rxa5 Nd3 40.Kg3 Ra1 41.Rd5 Nb2 42.Rd7+ Kf6
43.Nh8 Nxa4 44.Rf7+  1-0